000
00192 a2200109 4500
020
_a
9780938317524
041
_a
spa
100
_a
Jose Galvez
245
_a
Vatos
942
_c
BK
952
_7
1
999
_c
18756
_d
18756